00480nam a2200157 a 4500008004100000020001800041050001600059100002400075245008100099250001300180260004600193300002300239350000900262650001400271650003700285100721s2011 ||||||||||||||||| || u a9780470505823 aHF 1411 Sal aSalvatore, Dominick10aInternational economics: trade and finance. -- 10th ed.cDominick Salvatore a10th ed. aHoboken, N. J.bJohn Wiley and Sonsc2011 axxxvi, 812p.: ill. a0.00 0aECONOMICS 0aINTERNATIONAL ECONOMIC RELATIONS